Introducción a la económica colombiana / (Registro nro. 4724)
[ vista simple ]
| 000 -LEADER | |
|---|---|
| fixed length control field | 01797nam a2200349Ia 4500 |
| 003 - CONTROL NUMBER IDENTIFIER | |
| control field | OSt |
| 005 - DATE AND TIME OF LATEST TRANSACTION | |
| control field | 20200715112250.0 |
| 008 - FIXED-LENGTH DATA ELEMENTS--GENERAL INFORMATION | |
| fixed length control field | 191128s2007 ck ad gr 000 0 spa d |
| 020 ## - INTERNATIONAL STANDARD BOOK NUMBER | |
| International Standard Book Number | 9789586827515 |
| 040 ## - CATALOGING SOURCE | |
| Original cataloging agency | CO-JMCR |
| Transcribing agency | CO-JMCR |
| 041 0# - LANGUAGE CODE | |
| Language code of text/sound track or separate title | spa |
| 082 04 - DEWEY DECIMAL CLASSIFICATION NUMBER | |
| Classification number | 330.9861 / |
| Item number | C911i |
| Edition number | 23 |
| 100 1# - MAIN ENTRY--PERSONAL NAME | |
| Personal name | Cárdenas S., Mauricio, |
| Relator term | autor |
| 9 (RLIN) | 6536 |
| 245 10 - TITLE STATEMENT | |
| Title | Introducción a la económica colombiana / |
| Statement of responsibility, etc. | Mauricio Cárdenas S. ; colaboradores Roberto Junguito, Camilo García, Maria Fernanda Rosales, Catalina Herrera [y otros 2] |
| 250 ## - EDITION STATEMENT | |
| Edition statement | 2a. Edición |
| 260 ## - PUBLICATION, DISTRIBUTION, ETC. | |
| Place of publication, distribution, etc. | Bogotá : |
| Name of publisher, distributor, etc. | Alfaomega, Fedesarrollo, |
| Date of publication, distribution, etc. | 2007. |
| 300 ## - PHYSICAL DESCRIPTION | |
| Extent | xxii, 549 páginas : |
| Other physical details | ilustraciones, gráficos a blanco y negro ; |
| Dimensions | 24 cm. |
| 505 0# - FORMATTED CONTENTS NOTE | |
| Formatted contents note | Producción e ingresos -- Crecimiento económico -- Econ{omia e instituciones -- Sector externo -- Las finanzas públicas -- Dinero, precios y tasas de cambio -- Mercado finaciero -- El mercado del trabajo -- Pobreza y desigualdad -- La política social |
| 520 0# - SUMMARY, ETC. | |
| Summary, etc. | El contenido de este libro es de interés para profesionales y estudiantes de múltiples disciplinas como: ciencias políticas, derecho, ingienerías, administración y economía. También puede ser de utilidad para periodistas, especialmente |
| 650 14 - SUBJECT ADDED ENTRY--TOPICAL TERM | |
| Topical term or geographic name entry element | Economía colombiana |
| 9 (RLIN) | 7289 |
| 650 24 - SUBJECT ADDED ENTRY--TOPICAL TERM | |
| Topical term or geographic name entry element | Estructura económica. |
| 9 (RLIN) | 6843 |
| 650 24 - SUBJECT ADDED ENTRY--TOPICAL TERM | |
| Topical term or geographic name entry element | Crecimiento económico |
| 9 (RLIN) | 3636 |
| 650 24 - SUBJECT ADDED ENTRY--TOPICAL TERM | |
| Topical term or geographic name entry element | Hacienda pública |
| General subdivision | Mercados |
| 9 (RLIN) | 7290 |
| 650 24 - SUBJECT ADDED ENTRY--TOPICAL TERM | |
| Topical term or geographic name entry element | Sector público |
| General subdivision | Sector externo |
| 9 (RLIN) | 7291 |
| 650 24 - SUBJECT ADDED ENTRY--TOPICAL TERM | |
| Topical term or geographic name entry element | Problemas sociales |
| 9 (RLIN) | 7292 |
| 650 24 - SUBJECT ADDED ENTRY--TOPICAL TERM | |
| Topical term or geographic name entry element | Desarrollo económico |
| 9 (RLIN) | 7293 |
| 700 1# - ADDED ENTRY--PERSONAL NAME | |
| Personal name | Junguito, Roberto, |
| Relator term | colaborador |
| 9 (RLIN) | 7213 |
| 700 1# - ADDED ENTRY--PERSONAL NAME | |
| Personal name | García, Camilo, |
| Relator term | colaborador |
| 9 (RLIN) | 7258 |
| 700 1# - ADDED ENTRY--PERSONAL NAME | |
| Personal name | Rosales, Mária Fernanda, |
| Relator term | colaboradora |
| 9 (RLIN) | 7259 |
| 700 1# - ADDED ENTRY--PERSONAL NAME | |
| Personal name | Herrera, Catalina, |
| Relator term | colaboradora |
| 9 (RLIN) | 7288 |
| 942 ## - ADDED ENTRY ELEMENTS (KOHA) | |
| Source of classification or shelving scheme | Dewey Decimal Classification |
| Koha item type | Books |
| Withdrawn status | Lost status | Source of classification or shelving scheme | Materials specified (bound volume or other part) | Damaged status | Not for loan | Home library | Current library | Shelving location | Date acquired | Source of acquisition | Total Checkouts | Full call number | Barcode | Date last seen | Date last checked out | Copy number | Price effective from | Koha item type | Public note |
|---|---|---|---|---|---|---|---|---|---|---|---|---|---|---|---|---|---|---|---|
| Dewey Decimal Classification | Donación--15/04/2018-- | Biblioteca Pública José María del Castillo y Rada | Biblioteca Pública José María del Castillo y Rada | General Stacks | 11/28/2019 | Donación | 5 | 330.9861 / C911i | 430000055 | 11/10/2025 | 11/10/2025 | Ej.1 | 11/28/2019 | Books | Material manchado |